Design manual for transistor circuits (Record no. 545638)
[ view plain ]
| 000 -LEADER | |
|---|---|
| fixed length control field | 00624cam a22001691 4500 |
| 082 ## - DEWEY DECIMAL CLASSIFICATION NUMBER | |
| Classification number | 621.38412 |
| Author Mark | CAR |
| -- | L-11, P-131 |
| 245 10 - TITLE STATEMENT | |
| Title | Design manual for transistor circuits |
| Statement of responsibility, etc. | [editied by] John M. Carroll. |
| 260 ## - PUBLICATION, DISTRIBUTION, ETC. | |
| Place of publication, distribution, etc. | New York, |
| Name of publisher, distributor, etc. | McGraw-Hill, |
| Date of publication, distribution, etc. | 1961. |
| 300 ## - PHYSICAL DESCRIPTION | |
| Extent | x, 381 p. |
| Other physical details | illus. |
| Dimensions | 29 cm. |
| 500 ## - GENERAL NOTE | |
| General note | "Articles ... published in Electronics magazine during 1958, 1959, and 1960." |
| 526 ## - STUDY PROGRAM INFORMATION NOTE | |
| Program name | 0 |
| Interest level | 0 |
| Reading level | 0 |
| Title point value | 621_384120000000000_CAR |
| 526 ## - STUDY PROGRAM INFORMATION NOTE | |
| Program name | 0 |
| Interest level | 0 |
| Reading level | 0 |
| Title point value | 621_384120000000000_CAR |
| 526 ## - STUDY PROGRAM INFORMATION NOTE | |
| Program name | 0 |
| Interest level | 0 |
| Reading level | 0 |
| Title point value | 621_384120000000000_CAR |
| 650 #0 - SUBJECT ADDED ENTRY--TOPICAL TERM | |
| Topical term or geographic name entry element | Transistor circuits. |
| 9 (RLIN) | 41568 |
| 700 1# - ADDED ENTRY--PERSONAL NAME | |
| Personal name | Carroll, John M. |
| 9 (RLIN) | 41569 |
| 942 ## - ADDED ENTRY ELEMENTS (KOHA) | |
| Source of classification or shelving scheme | |
| Koha item type | Book |
| Withdrawn status | Lost status | Source of classification or shelving scheme | Damaged status | Not for loan | Permanent Location | Current Location | Date acquired | Total Checkouts | Full call number | Barcode | Date last seen | Price effective from | Koha item type |
|---|---|---|---|---|---|---|---|---|---|---|---|---|---|
| Military College of Engineering (MCE) | Military College of Engineering (MCE) | 05/27/2014 | 621.38412 CAR | MCE-15858 | 05/27/2014 | 05/27/2014 | Book | ||||||
| Military College of Engineering (MCE) | Military College of Engineering (MCE) | 05/27/2014 | 621.38412 CAR | MCE-15860 | 05/27/2014 | 05/27/2014 | Book | ||||||
| Military College of Engineering (MCE) | Military College of Engineering (MCE) | 05/27/2014 | 621.38412 CAR | MCE-15857 | 05/27/2014 | 05/27/2014 | Book |
